| 000 | 00398nam a22001577a 4500 | ||
|---|---|---|---|
| 999 |
_c11871 _d11871 |
||
| 008 | 210113b ||||| |||| 00| 0 eng d | ||
| 082 | 0 | 0 |
_a623.873 _bM6621 |
| 100 |
_91939 _aMilton, J. H. |
||
| 245 | 1 | 0 |
_aMarine steam boilers _cBy J. H. Milton |
| 250 | _a2nd ed. | ||
| 260 |
_aLondon _bGeorge Newnes Ltd _c1961 |
||
| 300 | _a343 p. | ||
| 365 | _d40.50 | ||
| 650 | 0 | _aSteam Boilers | |
| 942 | _cBK | ||